Längste Ländernamen, in denen kein Buchstabe doppelt vorkommt - Statistiken

Allgemein
  • Dieses Quiz wurde 1.048 mal gespielt
    900 seit der letzten Aktualisierung
  • Das Durchschnittsergebnis liegt bei 13 aus 33
Antwortstatistiken
Buchstaben Land % Korrekt
8 Portugal
72%
6 Mexiko
67%
7 Ägypten
57%
8 Dänemark
55%
6 Irland
53%
6 Island
53%
7 Schweiz
53%
7 Ukraine
51%
7 Estland
50%
7 Litauen
50%
9 Kolumbien
48%
8 Kroatien
46%
6 Türkei
45%
7 Belarus
42%
8 Südkorea
42%
6 Libyen
41%
8 Honduras
39%
7 Vietnam
39%
7 Ecuador
38%
9 Bulgarien
37%
8 Slowakei
37%
6 Israel
35%
6 Zypern
30%
8 Suriname
29%
6 Moldau
28%
6 Syrien
28%
6 Tschad
26%
7 Kamerun
25%
6 Bhutan
24%
6 Guinea
24%
6 Brunei
20%
8 Singapur
19%
6 Kuwait
18%
Keine übereinstimmenden Quizze gefunden
Verteilung der Resultate
Anzahl Personen mit jedem Resultat
Perzentil nach korrekt beantworteten Fragen
Ihre Resultats-Entwicklung
Sie haben dieses Quiz seit der letzten Aktualisierung nicht gespielt